Methods for Securing of Reliability in Reproduction Process

Predstavenie troch štadií procesov reprodukcie výrobkov. Článok poukazuje aj na potrebu vnímania faktu, že každý výrobok sa raz stane odpadom, čo je treba zaohľadňovať už pri dizajne.

Na minha lista:
Detalhes bibliográficos
Autor principal: Daneshjo, Naqibullah, 1964-
Outros Autores: Tahzib, Baryalai, Stratyinski, Cristian Dan, Kohla, Andreas
Formato: Capítulo de Livro
Idioma:inglês
Assuntos:
Tags: Adicionar Tag
Sem tags, seja o primeiro a adicionar uma tag!

MARC

LEADER 00000naa a2200000 4500
001 0270318
005 20240502083812.1
041 0 |a eng 
044 |a RO 
245 1 0 |a Methods for Securing of Reliability in Reproduction Process  |c Naqibullah Daneshjo, Baryalai Tahzib, Cristian Dan Stratyinski, Andreas Kohla 
520 |a Predstavenie troch štadií procesov reprodukcie výrobkov. Článok poukazuje aj na potrebu vnímania faktu, že každý výrobok sa raz stane odpadom, čo je treba zaohľadňovať už pri dizajne. 
610 2 0 |a spoľahlivosť výrobkov 
610 2 0 |a výroba 
610 2 0 |a reprodukcia 
610 2 0 |a procesy podnikové 
100 1 |a Daneshjo, Naqibullah, 1964- 
700 1 |a Tahzib, Baryalai 
700 1 |a Stratyinski, Cristian Dan 
700 1 |a Kohla, Andreas